000 00595nam a2200169 4500
001 120582
003 ES-MaACL
005 20230906191600.0
007 t|
008 070214s1929 fr r ||||1| fre d
100 1 _aPizon, Antoine.
_992458
245 1 0 _aAnatomie et Physiologie vegetales
_b: suivies de l'etude elementaire des principales familles de la bacteriologie et des fermentations /
_cpar Antoine Pizon.
250 _a7e éd. refondue.
260 _aParis :
_b[s. n.],
_c1929 (
_eOrleans :
_fImp. Orleanaise)
300 _a600 p. :
_bil. ;
_c25 x 16 cm.
852 _aES-MaACL
_jE-1009
999 _c120582
_d120582